000 01087nam a2200229Ia 4500
001 L266-21428
003 IT-CnALBA
008 170116s9999||||xx |||||||||||||| ||und||
040 _aIT-CnALBA
_cIT-CnALBA
041 _aLATINO
100 _aPROPAGANDA FIDE
245 0 _aSTATUTA PONTIFICII ATHENAEI URBANI DE PROPAGANDA FIDE.
250 _a1a ed.
260 _a ROMA
_bLIBRERIA EDITRICE VATICANA
_c1932 [1° Ed.:1932 - Ed.Ling.Originale: 1932]
300 _a22 p.
500 _aSTORIA. STATUTI GENERALI. PERSONE E REGOLAMENTO. METODO DEGLI STUDI. CORSI. MATERIE ESAMI. GRADI ACCADEMICI, CONSEGUIMENTO. DIDATTICA E SPESE ECONOMICHE. PROGRAMMA DI TEOLOGIA FILOSOFIA LINGUE.
501 _aSocietà San Paolo EM - Piazza San Paolo, 14 - 12051 ALBA (CN) (non commercial uses only) ® Copyright 2017
520 _aSTORIA. STATUTI GENERALI. PERSONE E REGOLAMENTO. METODO DEGLI STUDI. CORSI. MATERIE ESAMI. GRADI ACCADEMICI, CONSEGUIMENTO. DIDATTICA E SPESE ECONOMICHE. PROGRAMMA DI TEOLOGIA FILOSOFIA LINGUE.
650 _aMISSIONOLOGIA
942 _cBK
957 _71
999 _a26167
_bSI
_g Copie: 1
_c280530
_d280530